| 000 | 00924cam a22002533a 4500 | ||
|---|---|---|---|
| 001 | 33144 | ||
| 003 | PGUSA | ||
| 005 | 20140828083721.0 | ||
| 008 | 100713s2010||||xxu|||||s|||||000 | eng d | ||
| 040 |
_aPGUSA _beng |
||
| 042 | _adc | ||
| 050 | 4 | _aNK | |
| 100 | 1 |
_aEllwanger, William De Lancey, _d1854-1913 |
|
| 245 | 1 | 4 |
_aThe Oriental Rug : _bA Monograph on Eastern Rugs and Carpets, Saddle-Bags, Mats and Pillows, with a Consideration of Kinds and Classes, Types, Borders, Figures, Dyes, Symbols, etc. Together with Some Practical Advice to Collectors. _h[electronic resource] / _cWilliam De Lancey Ellwanger |
| 260 |
_bProject Gutenberg, _c2010 |
||
| 506 | _aPublic domain in the USA. | ||
| 516 | _aElectronic text | ||
| 653 | _aCollectors and collecting | ||
| 653 | _aCarpets | ||
| 653 | _aRugs, Oriental | ||
| 830 | 0 |
_aProject Gutenberg _v33144 |
|
| 856 | 4 | 0 | _uhttp://www.gutenberg.org/ebooks/33144 |
| 942 | _cEB | ||
| 999 |
_c262399 _d262399 |
||